Vereinshymnen in der 2. Bundesliga - Statistiken

Allgemein
  • Dieses Quiz wurde 84 mal gespielt
  • Das Durchschnittsergebnis liegt bei 14 aus 18
Antwortstatistiken
Hymne Verein % Korrekt
"Kleeblatthymne" Greuther Fürth
95%
"Für immer KSC" Karlsruher SC
94%
"Wir sind vom FCM" 1. FC Magdeburg
92%
"Betzelied" 1. FC Kaiserslautern
88%
"Mer stonn zo dir, ..." 1. FC Köln
88%
"Unsere Elv" SV Elversberg
88%
"Blau und Weiß, wie lieb´ dich" FC Schalke 04
84%
"Nur nach Hause" Hertha BSC
78%
"Forever SSV" SSV Ulm
78%
"Die Legende lebt" 1. FC Nürnberg
77%
"Mein ... lieb ich sehr" Hamburger SV
75%
"Wir lieben den SSV ... " Jahn Regensburg
75%
"Alte Liebe" Hannover 96
65%
"Es soll uns Spiel und Sport entflammen" Eintracht Braunschweig
61%
"Die Sonne scheint" SV Darmstadt 98
60%
"Durch alle Zeiten" Fortuna Düsseldorf
55%
"Fußball-Sinfonie" Preußen Münster
49%
"Helden geben nie auf" SC Paderborn
49%
Keine übereinstimmenden Quizze gefunden
Verteilung der Resultate
Anzahl Personen mit jedem Resultat
Perzentil nach korrekt beantworteten Fragen
Ihre Resultats-Entwicklung
Sie haben dieses Quiz noch nicht gespielt